| 000 | 00606cam a2200205 4500 | ||
|---|---|---|---|
| 008 | 090401t1987 xxu||||| |||| 00| 0 eng d | ||
| 020 | _a090700475X | ||
| 035 | _a(Sirsi) u46635 | ||
| 041 | _aeng | ||
| 050 | _a711.552 | ||
| 110 |
_aHillier Parker May and Rowden _92042 |
||
| 245 | _aBritish shopping developments master list Spring 1987 | ||
| 260 |
_aLondon _bHillier Parker May and Rowden _c1987 |
||
| 300 | _a44p. ; 30cm. | ||
| 350 | _a25 | ||
| 520 | _aPublished in association with the British Council of Shopping Centres . | ||
| 650 | _aSHOPPING CENTRES | ||
| 942 | _n0 | ||
| 948 | _c04/03/1997 | ||
| 999 |
_c91963 _d91963 |
||